[Event "Rapid Open"]
[Site "Cergy Pontoise FRA"]
[Date "2004.05.16"]
[EventDate "2004.05.15"]
[Round "10"]
[Result "0-1"]
[White "Slim Belkhodja"]
[Black "Marie Sebag"]
[WhiteElo "2449"]
[BlackElo "2398"]
[PlyCount "108"]

1.e4 e5 2.Nf3 Nc6 3.Bb5 a6 4.Ba4 Nf6 5.O-O b5 6.Bb3 Bc5 7.c3
d6 8.d4 Bb6 9.dxe5 Nxe5 10.Nxe5 dxe5 11.Qxd8+ Kxd8 12.Bxf7 Rf8
13.Bd5 Nxd5 14.exd5 Bb7 15.Be3 Bxe3 16.fxe3 Rxf1+ 17.Kxf1 Bxd5
18.Nd2 Ke7 19.Ke2 Rb8 20.e4 Ba8 21. b4 Bc6 22.Ke3 a5 23.bxa5
Ra8 24.Nb3 Bd7 25.h4 Be6 26.g3 c6 27.Kd2 Bc4 28. Kc2 Ra7
29.Kb2 Ra8 30.Nd2 Be2 31.Re1 Bg4 32.Nb3 Be6 33.Rf1 Bxb3
34.axb3 Rxa5 35.Rf5 Ke6 36.Rf8 Ra7 37.Rc8 Kd6 38.Rg8 Ke6 39.g4
h6 40.g5 hxg5 41. hxg5 Kf7 42.Rc8 Kg6 43.Rxc6+ Kxg5 44.Rc5 Kf4
45.Rxb5 g5 46.Rb8 Rg7 47.Ra8 g4 48.Ra1 g3 49.Rg1 Kxe4 50.b4 g2
51.b5 Kf3 52.c4 e4 53.Kb3 e3 54.c5 Kf2 0-1

[Event "FIDE Women's World Championship"]
[Site "Elista RUS"]
[Date "2004.05.25"]
[EventDate "2004.05.22"]
[Round "2.2"]
[Result "0-1"]
[White "Marie Sebag"]
[Black "Maia Chiburdanidze"]
[WhiteElo "2398"]
[BlackElo "2502"]
[PlyCount "66"]

1. e4 c6 2. d4 d5 3. e5 Bf5 4. Nc3 a5 5. Be3 a4 6. a3 Qb6
7. Rb1 Qa5 8. g4 Bd7 9. Bg2 e6 10. Nge2 c5 11. O-O Nc6 12. f4
h5 13. h3 hxg4 14. hxg4 cxd4 15. Nxd4 Nxd4 16. Bxd4 Bc5
17. Ne2 Ne7 18. Bf2 Nc6 19. b4 Bxf2+ 20. Rxf2 Qb6 21. c4 dxc4
22. Nc3 Nd4 23. Ne4 Nb5 24. Rc1 Bc6 25. Rxc4 Bxe4 26. Bxe4
Nxa3 27. Rc5 Qxb4 28. Rc7 Rd8 29. Qf3 Nc4 30. Bd3 Qe1+ 31. Bf1
Ne3 32. Qe4 Rh2 33. Kxh2 Nxf1+ 0-1

[Event "Stork YM"]
[Site "Hengelo NED"]
[Date "2004.08.09"]
[EventDate "2004.08.03"]
[Round "1"]
[Result "1-0"]
[White "Marie Sebag"]
[Black "Koen Leenhouts"]
[WhiteElo "2414"]
[BlackElo "2305"]
[PlyCount "63"]

1.e4 g6 2.d4 Bg7 3.Nc3 c6 4.Be3 d5 5.e5 h5 6.f4 Nh6 7.Nf3 Bg4
8.h3 Nf5 9. Bf2 Bxf3 10.Qxf3 h4 11.Bd3 e6 12.O-O Nd7 13.Ne2
Qe7 14.b3 O-O-O 15.c4 f6 16.Bxf5 gxf5 17.c5 b6 18.b4 Kb7 19.b5
bxc5 20.bxc6+ Kxc6 21.Qa3 Kb7 22. dxc5 Ka8 23.Rab1 Nb8 24.Qa4
Rc8 25.Nd4 fxe5 26.fxe5 Bxe5 27.c6 Bxd4 28. Bxd4 Nxc6 29.Bxh8
Qc5+ 30.Kh1 d4 31.Rfc1 Qd5 32.Bxd4 1-0

[Event "Stork YM"]
[Site "Hengelo NED"]
[Date "2004.08.10"]
[EventDate "2004.08.03"]
[Round "2"]
[Result "0-1"]
[White "Ali Bitalzadeh"]
[Black "Marie Sebag"]
[WhiteElo "2291"]
[BlackElo "2414"]
[PlyCount "148"]

1.e4 c5 2.Nf3 d6 3.d4 cxd4 4.Nxd4 Nf6 5.Nc3 a6 6.Be3 e6 7.g4
e5 8.Nf5 g6 9.g5 gxf5 10.exf5 d5 11.gxf6 d4 12.Bc4 Qc7 13.Qe2
dxe3 14.Nd5 exf2+ 15.Kf1 Qd6 16.Qxf2 b5 17.Bb3 Bb7 18.Rd1 Nd7
19.Ne3 Qxd1+ 20.Nxd1 Bxh1 21.Ne3 Bc5 22.Qg1 Bc6 23.Bxf7+ Kd8
24.Qg7 Kc7 25.Nd5+ Bxd5 26.Bxd5 Rad8 27.f7 Rhf8 28.Qh6 Bd6
29.Qe3 Bc5 30.Qh6 Nb8 31.Qe6 Bd6 32.c4 Rd7 33.c5 Bxc5 34.Qxe5+
Kb6 35.a3 Nc6 36.Qe4 Re7 37.Qf4 Rexf7 38.Bxf7 Rxf7 39.b4 Bd4
40.Kg2 Re7 41.h4 Re2+ 42.Kh3 Rf2 43.Qg5 Be5 44.Qe3+ Bd4 45.Qg5
Rf3+ 46.Kg4 Rxa3 47. Qh6 Be5 48.Qxh7 Rb3 49.Kg5 Rxb4 50.f6 Rf4
51.f7 Rf1 52.h5 Bd6 53.Qg8 Ne5 54.Qd8+ Kc5 55.Qc8+ Kd4 56.Qxa6
Nxf7+ 57.Kg6 Ne5+ 58.Kg7 Rg1+ 59.Kf6 Nd7+ 60.Kf7 Rf1+ 61.Ke8
Nf6+ 62.Kd8 Kc5 63.Qa7+ Kc6 64.Qa6+ Kc5 65.Qa7+ Kd5 66. Qb7+
Kc4 67.Qg2 Rf4 68.Qa2+ Kc5 69.Qa7+ Kb4 70.Qa1 Nxh5 71.Qb2+ Kc5
72. Qc1+ Kb6 73.Kd7 Nf6+ 74.Ke6 b4 0-1

[Event "Stork YM"]
[Site "Hengelo NED"]
[Date "2004.08.10"]
[EventDate "2004.08.03"]
[Round "3"]
[Result "1/2-1/2"]
[White "Marie Sebag"]
[Black "Bart Michiels"]
[WhiteElo "2414"]
[BlackElo "2450"]
[PlyCount "103"]

1.e4 c5 2.Nf3 e6 3.c3 Nc6 4.d4 d5 5.exd5 exd5 6.Bb5 Bd6 7.dxc5
Bxc5 8.O-O Ne7 9.Nbd2 Bg4 10.Nb3 Bd6 11.Nbd4 O-O 12.Qa4 Qd7
13.Re1 a6 14.Bxc6 Nxc6 15.Nxc6 bxc6 16.Ne5 Bxe5 17.Rxe5 Rfe8
18.Rxe8+ Rxe8 19.Be3 Be2 20.Re1 Bb5 21.Qd1 Qf5 22.h3 h6 23.Bd4
Rxe1+ 24.Qxe1 Qe4 25.Qd1 Kh7 26.Qg4 Qxg4 27. hxg4 f6 28.Kh2
Bd3 29.b4 Kg6 30.Kg3 Be4 31.a4 Bc2 32.a5 Be4 33.Bc5 Kf7
34. Bd6 Ke6 35.Bf4 Kf7 36.f3 Bd3 37.Kf2 Ke6 38.Bb8 Kd7 39.g3
Bb5 40.Ke3 Bf1 41.Ba7 Bb5 42.Bc5 Ke6 43.Bf8 Kf7 44.Bd6 Ke6
45.Bb8 Kd7 46.f4 Ba4 47.Kd2 Bb5 48.Ba7 Bf1 49.Ke3 Bh3 50.Kf3
Ke6 51.Bd4 g6 52.Bc5 1/2-1/2

[Event "Stork YM"]
[Site "Hengelo NED"]
[Date "2004.08.11"]
[EventDate "2004.08.03"]
[Round "4"]
[Result "0-1"]
[White "Bianca de Jong-Muhren"]
[Black "Marie Sebag"]
[WhiteElo "2282"]
[BlackElo "2414"]
[PlyCount "68"]

1.e4 c5 2.Nf3 d6 3.d4 cxd4 4.Nxd4 Nf6 5.Nc3 a6 6.Be3 e6 7.f3
Be7 8.Qd2 O-O 9.O-O-O Nc6 10.g4 Nxd4 11.Bxd4 b5 12.g5 Nd7
13.h4 Qc7 14.Kb1 b4 15.Na4 Bb7 16.Qxb4 Bc6 17.Nc3 Rfb8 18.Qc4
Ne5 19.Qe2 Bb5 20.Nxb5 axb5 21.Qe3 Qa5 22. Qb3 Nd7 23.g6 hxg6
24.h5 Nc5 25.Qe3 Qxa2+ 26.Kc1 e5 27.Bxc5 dxc5 28.hxg6 c4 29.f4
Qa1+ 30.Kd2 Rd8+ 31.Bd3 Rxd3+ 32.cxd3 Qxb2+ 33.Ke1 Qg2
34.gxf7+ Kxf7 0-1

[Event "Stork YM"]
[Site "Hengelo NED"]
[Date "2004.08.11"]
[EventDate "2004.08.03"]
[Round "5"]
[Result "1/2-1/2"]
[White "Marie Sebag"]
[Black "Joost Michielsen"]
[WhiteElo "2414"]
[BlackElo "2285"]
[PlyCount "87"]

1.e4 c5 2.Nf3 d6 3.d4 cxd4 4.Nxd4 Nf6 5.Nc3 a6 6.Be3 e6 7.f3
b5 8.Qd2 Nbd7 9.g4 Nb6 10.Bd3 Bb7 11.O-O-O Rc8 12.Kb1 Nfd7
13.f4 Nc5 14.Rhe1 b4 15.Nce2 Bxe4 16.Qxb4 Nd5 17.Qd2 Bxd3
18.cxd3 Be7 19.Nc3 Nxc3+ 20.Qxc3 O-O 21.g5 Qd7 22.Nb3 Nxb3
23.Qxb3 d5 24.Bd4 Bc5 25.Bxc5 Rxc5 26.Rc1 Rb5 27.Qa3 Qb7 28.d4
Rb4 29.Red1 Qb6 30.Rc5 a5 31.Rd2 a4 32.Qc3 g6 33.h4 Rb8
34.Rc8+ Kg7 35.Rxb8 Qxb8 36.Qe3 Qb5 37.Rc2 Rc4 38.Qd3 Qb4
39.Rxc4 dxc4 40.Qc3 Qxc3 41. bxc3 a3 42.Kc2 f5 43.Kd2 Kf7
44.Ke3 1/2-1/2

[Event "Stork YM"]
[Site "Hengelo NED"]
[Date "2004.08.12"]
[EventDate "2004.08.03"]
[Round "6"]
[Result "1-0"]
[White "Marie Sebag"]
[Black "Sergei Zhigalko"]
[WhiteElo "2414"]
[BlackElo "2478"]
[PlyCount "97"]

1.e4 c5 2.Nf3 Nc6 3.Bb5 Qc7 4.O-O a6 5.Bxc6 dxc6 6.a4 a5 7.d4
cxd4 8.Qxd4 Bg4 9.Qe5 Qxe5 10.Nxe5 Be2 11.Re1 Ba6 12.Bd2 f6
13.Nf3 b6 14.e5 O-O-O 15. b4 axb4 16.Bxb4 c5 17.Bc3 Nh6
18.Nbd2 Kc7 19.Rab1 Kc6 20.Rb2 Rb8 21.Nb1 Nf7 22.Na3 Rg8
23.Reb1 Rb7 24.Nb5 Nd8 25.Nd2 Ne6 26.g3 Bxb5 27.Rxb5 Nc7
28.R5b3 Nd5 29.Nc4 e6 30.Bd2 Rb8 31.Rb5 Be7 32.a5 Nb4 33.Rxb6+
Rxb6 34. axb6 Nxc2 35.Na5+ Kd5 36.Bc3 Rb8 37.b7 Bd8 38.Rd1+
Nd4 39.Bxd4 cxd4 40. Rxd4+ Kc5 41.Rc4+ Kb5 42.Rc8 Bc7 43.Rxc7
Kxa5 44.Rxg7 fxe5 45.Rxh7 Kb6 46. Re7 Kc6 47.Rxe6+ Kd5 48.Rb6
Kc5 49.Rb1 1-0

[Event "Stork YM"]
[Site "Hengelo NED"]
[Date "2004.08.13"]
[EventDate "2004.08.03"]
[Round "7"]
[Result "1-0"]
[White "Andrey Zhigalko"]
[Black "Marie Sebag"]
[WhiteElo "2478"]
[BlackElo "2414"]
[PlyCount "139"]

1.e4 c5 2.Nf3 d6 3.d4 cxd4 4.Nxd4 Nf6 5.Nc3 a6 6.Be3 e6 7.f3
Be7 8.Qd2 O-O 9.O-O-O Nc6 10.g4 Nxd4 11.Qxd4 b5 12.Kb1 Nd7
13.g5 Bxg5 14.Bxg5 Qxg5 15. Qxd6 Ne5 16.Be2 Qf4 17.Rd4 Ng6
18.Rhd1 Qxd6 19.Rxd6 Nf4 20.Bf1 h5 21.Rb6 e5 22.a4 bxa4
23.Nxa4 Ne6 24.Bc4 a5 25.c3 h4 26.Rbd6 Ng5 27.Nb6 Rb8 28. R1d3
Bh3 29.Nd7 Bxd7 30.Rxd7 Rb6 31.Ra7 Rc8 32.Bd5 Rc5 33.Re7 Rcb5
34.b3 Ne6 35.Bc4 Rc5 36.Kc2 Ng5 37.Bd5 Rf6 38.Rxe5 Ne6 39.c4
g6 40.Kc3 Kg7 41.b4 axb4+ 42.Kxb4 Nf4 43.Ra3 Rc7 44.c5 h3
45.Kb5 Ne2 46.Rd3 Kf8 47.Kc4 Ng1 48. Ba8 Rc8 49.Bb7 Rc7
50.Rd8+ Kg7 51.Bd5 Rxf3 52.c6 Ra7 53.Rd7 Ra2 54.c7 Rxh2
55.Ree7 Rc2+ 56.Kb4 h2 57.Rxf7+ Kh6 58.Rh7+ Kg5 59.Rxh2 Rxh2
60.c8=Q Rb2+ 61.Ka4 Ne2 62.Rc7 Rf1 63.Bb3 Rfb1 64.Rc5+ Kf4
65.Qf8+ Ke3 66.Qh6+ Kd3 67. Qh3+ Kd2 68.Rd5+ Ke1 69.Qh4+ Kf1
70.Rd3 1-0

[Event "Stork YM"]
[Site "Hengelo NED"]
[Date "2004.08.13"]
[EventDate "2004.08.03"]
[Round "8"]
[Result "1/2-1/2"]
[White "Marie Sebag"]
[Black "Severin Papa"]
[WhiteElo "2414"]
[BlackElo "2397"]
[PlyCount "70"]

1.e4 e5 2.Nf3 Nf6 3.Nxe5 d6 4.Nf3 Nxe4 5.Qe2 Qe7 6.d3 Nf6
7.Bg5 Qxe2+ 8. Bxe2 Be7 9.O-O h6 10.Bh4 O-O 11.Re1 Re8 12.Bf1
Kf8 13.Nbd2 g5 14.Bg3 Nh5 15.Nd4 Na6 16.c3 Bd7 17.Be2 Nxg3
18.hxg3 Nc5 19.g4 Bf6 20.Nf5 h5 21.d4 hxg4 22.Bxg4 Nd3
23.Rxe8+ Rxe8 24.Rb1 Be6 25.b3 d5 26.b4 Bxf5 27.Bxf5 Re2
28.Nb3 Nf4 29.g3 Ne6 30.a4 b6 31.a5 Ke7 32.axb6 axb6 33.Nc1
Re1+ 34.Kg2 Kd6 35.b5 Ng7 1/2-1/2

[Event "Stork YM"]
[Site "Hengelo NED"]
[Date "2004.08.14"]
[EventDate "2004.08.03"]
[Round "9"]
[Result "0-1"]
[White "Aleksandra Dimitrijevic"]
[Black "Marie Sebag"]
[WhiteElo "2292"]
[BlackElo "2414"]
[PlyCount "42"]

1.f4 d5 2.Nf3 g6 3.e3 Bg7 4.Be2 Nf6 5.O-O O-O 6.d3 c5 7.Qe1
Nc6 8.c3 d4 9. cxd4 cxd4 10.e4 Ng4 11.a3 Qb6 12.b4 a5 13.bxa5
Nxa5 14.h3 Nb3 15.Ra2 Nxc1 16.Qxc1 Ne3 17.Rb2 Qf6 18.Rf2 Qxf4
19.Qc5 Bxh3 20.Ng5 Qg3 21.Nxh3 Be5 0-1

[Event "36th Olympiad, Women"]
[Site "Calvia ESP"]
[Date "2004.10.15"]
[EventDate "2004.10.15"]
[Round "1"]
[Result "1-0"]
[White "Marie Sebag"]
[Black "Catarina Leite"]
[WhiteElo "2428"]
[BlackElo "2236"]
[PlyCount "99"]

1. e4 e5 2. Nf3 Nc6 3. Bc4 Bc5 4. c3 Nf6 5. d3 d6 6. Nbd2 O-O
7. Nf1 d5 8. exd5 Nxd5 9. Ng3 Bb6 10. O-O f6 11. Re1 Kh8
12. a4 a5 13. h3 Nde7 14. Nh4 Qe8 15. b3 Ng6 16. Nhf5 Be6
17. Qf3 Rd8 18. Nh5 Bxf5 19. Qxf5 Qd7 20. Qf3 Bc5 21. Ng3 Be7
22. Nf5 Bc5 23. Ra2 Nge7 24. Nxe7 Qxe7 25. d4 Bd6 26. Rae2 Qd7
27. Bb2 Rb8 28. Rd1 exd4 29. Be6 Qd8 30. cxd4 Ne7 31. Re4 Ng6
32. Bf5 Ne7 33. Be6 Ng6 34. Qf5 b6 35. d5 Ne5 36. Rh4 g6
37. Qe4 Kg7 38. f4 Nf7 39. Rd3 Qe7 40. g4 Kg8 41. Kg2 Qd8
42. g5 Be7 43. Qd4 Bc5 44. Qe4 Be7 45. Rg3 fxg5 46. fxg5 Bxg5
47. Qe5 Bf6 48. Qxf6 Qxf6 49. Bxf6 Rbe8 50. Rxg6+ 1-0

[Event "36th Olympiad, Women"]
[Site "Calvia ESP"]
[Date "2004.10.16"]
[EventDate "2004.10.15"]
[Round "2"]
[Result "0-1"]
[White "Marie Sebag"]
[Black "Darja Kaps"]
[WhiteElo "2428"]
[BlackElo "2236"]
[PlyCount "82"]

1. e4 c5 2. Nf3 Nc6 3. Bb5 e6 4. Bxc6 bxc6 5. O-O Ne7 6. b3
Ng6 7. Ba3 d6 8. d4 cxd4 9. Nxd4 c5 10. Nf3 Be7 11. Nbd2 O-O
12. Re1 Bb7 13. Nf1 Bf6 14. Rb1 Qa5 15. Bb2 Bxb2 16. Rxb2 d5
17. e5 Rfd8 18. b4 cxb4 19. Qd4 Rac8 20. Ne3 Ne7 21. h4 Nc6
22. Qf4 d4 23. Ng4 Qd5 24. h5 h6 25. Nh4 Ne7 26. Rxb4 Nf5
27. Rxb7 Qxb7 28. Nxf5 exf5 29. Qxf5 Qd5 30. Rd1 Qe6 31. Qf4
Rxc2 32. Rxd4 Rxd4 33. Qxd4 Qc4 34. Qd7 Qc8 35. Qxc8+ Rxc8
36. Ne3 Rc1+ 37. Kh2 Ra1 38. Kg3 Rxa2 39. Kf3 a5 40. Nc4 a4
41. Ke3 Rc2 0-1

[Event "36th Olympiad, Women"]
[Site "Calvia ESP"]
[Date "2004.10.17"]
[EventDate "2004.10.15"]
[Round "3.15"]
[Result "0-1"]
[White "Anna-Christina Kopinits"]
[Black "Marie Sebag"]
[WhiteElo "2114"]
[BlackElo "2428"]
[PlyCount "96"]

1. e4 c5 2. Nf3 d6 3. d4 cxd4 4. Nxd4 Nf6 5. Nc3 a6 6. f4 Nbd7
7. Be2 g6 8. a4 Bg7 9. a5 O-O 10. O-O e5 11. Nb3 Qc7 12. Be3
b5 13. axb6 Nxb6 14. fxe5 dxe5 15. Nc5 Rd8 16. Qe1 {#}
16... Rd4 17. Bxd4 exd4 18. N3a4 Nxa4 19. Nxa4 Bb7 20. Bf3 Nd7
21. c3 d3 22. Qf2 Re8 23. Rad1 a5 24. Rxd3 Ba6 25. Be2 Ne5
26. Rdd1 Bc8 27. Qb6 Qe7 28. Nc5 h5 29. Nd3 Nc4 30. Qf2 Nd6
31. Nc5 Rf8 32. Kh1 h4 33. h3 Be5 34. Rd5 Bb7 35. Nxb7 {#}
35... Nxe4 36. Qf3 Ng3+ 37. Kg1 Nxe2+ 38. Qxe2 Bd4+ 39. Rxd4
Qxe2 40. Nxa5 Qxb2 41. Rfd1 Qxc3 42. Nc4 Re8 43. Rg4 Re1+
44. Rxe1 Qxe1+ 45. Kh2 Kg7 46. Rd4 Qg3+ 47. Kh1 Qc3 48. Rg4 f5
0-1

[Event "36th Olympiad, Women"]
[Site "Calvia ESP"]
[Date "2004.10.19"]
[EventDate "2004.10.15"]
[Round "5"]
[Result "1/2-1/2"]
[White "Marie Sebag"]
[Black "Elisabeth Paehtz"]
[WhiteElo "2428"]
[BlackElo "2398"]
[PlyCount "72"]

1. e4 e6 2. d4 d5 3. Nd2 dxe4 4. Nxe4 Nd7 5. Bd3 Ngf6 6. Qe2
c5 7. Nxf6+ Nxf6 8. dxc5 Bxc5 9. Nf3 O-O 10. Bg5 Qa5+ 11. c3
Nd5 12. O-O Qc7 13. Qe4 f5 14. Qe2 Kh8 15. Ne5 Bd6 16. Rae1 b6
17. c4 Nb4 18. Bf4 g5 19. Bd2 Bxe5 20. Bxb4 Bxh2+ 21. Kh1 Bd6
22. Bc3+ Kg8 23. c5 bxc5 24. Qh5 Qf7 25. Qxg5+ Qg6 26. Qh4 Bb7
27. Qh3 Bd5 28. Be2 Kf7 29. Bf3 Bf4 30. Be5 Bxf3 31. Bxf4 Qh5
32. Qxh5+ Bxh5 33. Re3 Rfd8 34. Rfe1 Rd4 35. Be5 Rd5 36. Bf4
Rd4 1/2-1/2

[Event "36th Olympiad, Women"]
[Site "Calvia ESP"]
[Date "2004.10.23"]
[EventDate "2004.10.15"]
[Round "8"]
[Result "1-0"]
[White "Subbaraman Vijayalakshmi"]
[Black "Marie Sebag"]
[WhiteElo "2411"]
[BlackElo "2428"]
[PlyCount "133"]

1. d4 d5 2. c4 c6 3. e3 Nf6 4. Nc3 a6 5. Nf3 b5 6. b3 Bg4
7. Be2 Nbd7 8. O-O Qb8 9. h3 Bh5 10. Bb2 bxc4 11. Na4 cxb3
12. axb3 e6 13. Qc2 Be7 14. Qxc6 O-O 15. Rfc1 Ra7 16. Ba3 Bxa3
17. Rxa3 Ne4 18. g4 Bg6 19. Raa1 a5 20. Ba6 Qb4 21. Qb5 Rfa8
22. Kg2 Nd6 23. Qxb4 axb4 24. Be2 Kf8 25. Rc6 Ke7 26. Nh4 Ne4
27. Nxg6+ hxg6 28. Rd1 Rxa4 29. bxa4 Rxa4 30. Bd3 Nc3 31. Rd2
Ra8 32. Rb2 Rb8 33. Ra6 g5 34. Ra7 Kd6 35. Bc2 g6 36. Ba4 Nf8
37. Ra6+ Ke7 38. Bc6 f5 39. Rb3 Ne4 40. Rb2 Nd6 41. Ra7+ Kf6
42. Ra8 Nd7 43. Ra4 Nf8 44. Raxb4 Rc8 45. Rb8 Rxc6 46. Rxf8+
Ke7 47. Ra8 Rc7 48. Rh8 f4 49. Rh7+ Nf7 50. exf4 gxf4 51. g5
Rd7 52. Rb6 Kd8 53. Rxf7 Rxf7 54. Rxe6 Rg7 55. Rd6+ Ke7
56. Rxd5 Rh7 57. Kf3 Rh4 58. Ke4 Ke6 59. Re5+ Kd7 60. Ra5 f3+
61. Kxf3 Ke6 62. d5+ Ke5 63. Kg3 Rd4 64. h4 Rd3+ 65. f3 Rd1
66. Ra6 Rg1+ 67. Kh2 1-0

[Event "36th Olympiad, Women"]
[Site "Calvia ESP"]
[Date "2004.10.26"]
[EventDate "2004.10.15"]
[Round "11"]
[Result "1/2-1/2"]
[White "Viktorija Cmilyte"]
[Black "Marie Sebag"]
[WhiteElo "2442"]
[BlackElo "2428"]
[PlyCount "172"]

1. d4 d5 2. c4 c6 3. Nc3 Nf6 4. e3 a6 5. Nf3 b5 6. c5 Nbd7
7. h3 g6 8. Bd2 a5 9. a3 Bg7 10. b4 Ne4 11. Nxe4 dxe4 12. Ng5
Nf6 13. f3 O-O 14. Be2 h6 15. Nxe4 Nxe4 16. fxe4 e5 17. d5
cxd5 18. O-O dxe4 19. Bxb5 axb4 20. Bxb4 Qg5 21. Qe2 Bxh3
22. c6 Rfc8 23. Bc4 Bf5 24. Rac1 h5 25. Rc3 h4 26. Bd5 Ra7
27. Bc5 Ra5 28. Qa2 h3 29. Bxf7+ Kh7 30. Bb4 Ra7 31. Rf2 Qg3
32. Bb3 Rac7 33. Ba4 Bf8 34. Qe2 Bg4 35. Qf1 Bf3 36. Rxf3 exf3
37. Qxf3 h2+ 38. Kh1 Qe1+ 39. Kxh2 Kh8 40. Qf6+ Bg7 41. Qg5
Bh6 42. Qg3 Bf4 43. exf4 Rh7+ 44. Qh3 Qe4 45. Qxh7+ Kxh7
46. fxe5 Kg7 47. Rh3 Qf4+ 48. Kh1 Qf1+ 49. Kh2 Qf4+ 50. Kh1
Qc1+ 51. Kh2 Qf4+ 52. Kh1 g5 53. Bb5 g4 54. Rd3 Qc1+ 55. Kh2
Qf4+ 56. Kg1 Qc1+ 57. Kh2 Qf4+ 58. Kg1 Rc7 59. e6 g3 60. Be1
Qc1 61. Rxg3+ Kf6 62. Kf1 Kxe6 63. Be2 Rf7+ 64. Rf3 Rh7
65. Rh3 Qf4+ 66. Bf2 Qc1+ 67. Be1 Rxh3 68. gxh3 Qxc6 69. Bg4+
Ke5 70. Bg3+ Ke4 71. Kg2 Ke3+ 72. Kg1 Qc1+ 73. Kg2 Qxa3
74. Bf2+ Kf4 75. Be1 Qa8+ 76. Kg1 Qa1 77. Kf2 Qb2+ 78. Kg1 Ke3
79. Bg3 Qd2 80. Kf1 Ke4 81. Kg1 Ke3 82. Kf1 Qd5 83. Kg1 Qc6
84. Bf2+ Kf4 85. Kh2 Qc1 86. Kg2 Ke5 1/2-1/2

[Event "36th Olympiad, Women"]
[Site "Calvia ESP"]
[Date "2004.10.27"]
[EventDate "2004.10.15"]
[Round "12"]
[Result "1-0"]
[White "Marie Sebag"]
[Black "Jovanka Houska"]
[WhiteElo "2428"]
[BlackElo "2298"]
[PlyCount "123"]

1. e4 c6 2. d4 d5 3. Nc3 dxe4 4. Nxe4 Bf5 5. Ng3 Bg6 6. h4 h6
7. Nf3 Nd7 8. h5 Bh7 9. Bd3 Bxd3 10. Qxd3 e6 11. Bf4 Ngf6
12. O-O-O Nd5 13. Bd2 Nb4 14. Bxb4 Bxb4 15. Ne4 Qa5 16. Kb1
O-O-O 17. Qe2 Rhe8 18. c4 Be7 19. Qe3 Nb6 20. Rc1 f5 21. Ned2
Bf6 22. Nb3 Qb4 23. a3 Qe7 24. Ne5 Bxe5 25. Qxe5 Nd7 26. Qe3
Kb8 27. Qf4+ Ka8 28. Rce1 Nf6 29. f3 Qd6 30. Qxd6 Rxd6 31. Re5
b6 32. Rhe1 Kb7 33. Kc2 Rd7 34. a4 Rf8 35. Rh1 Re7 36. Re2
Rfe8 37. Re5 Nd7 38. Re3 e5 39. Rhe1 e4 40. g4 fxg4 41. fxg4
Nf6 42. Rg1 Rf8 43. Nd2 Rd7 44. Kc3 Rfd8 45. Nxe4 Rxd4
46. Nxf6 gxf6 47. Rf1 Rxg4 48. Rxf6 Rd1 49. Re7+ Kc8 50. Rxa7
Kb8 51. Rh7 Rd8 52. Rxc6 Ka8 53. b3 Rf8 54. Rhxh6 Rg3+ 55. Kb2
Rff3 56. Rxb6 Rh3 57. a5 Rf5 58. Rb5 Rf2+ 59. Ka3 Ka7 60. a6
Rf8 61. Rb7+ Ka8 62. Rhh7 1-0

[Event "36th Olympiad, Women"]
[Site "Calvia ESP"]
[Date "2004.10.28"]
[EventDate "2004.10.15"]
[Round "13"]
[Result "0-1"]
[White "Irina Krush"]
[Black "Marie Sebag"]
[WhiteElo "2464"]
[BlackElo "2428"]
[PlyCount "60"]

1. d4 d5 2. c4 c6 3. Nc3 Nf6 4. e3 a6 5. Qc2 e6 6. c5 e5
7. dxe5 Nfd7 8. f4 Nxc5 9. Nf3 g6 10. Nd4 Bg7 11. b4 Ne6
12. Bd3 O-O 13. O-O f6 14. Nxe6 Bxe6 15. exf6 Qxf6 16. Bb2 Nd7
17. Na4 Qf7 18. Rae1 Rae8 19. Nc3 Bf5 20. e4 dxe4 21. Bxe4 Qc4
22. Bxf5 Rxe1 23. Rxe1 Rxf5 24. a3 Rxf4 25. Qc1 Ne5 26. Na4
Nd3 27. Re8+ Kf7 28. Qe3 Ne5 29. h3 Kxe8 30. Bxe5 Re4 0-1

[Event "36th Olympiad, Women"]
[Site "Calvia ESP"]
[Date "2004.10.29"]
[EventDate "2004.10.15"]
[Round "14"]
[Result "1-0"]
[White "Ekaterina Kovalevskaya"]
[Black "Marie Sebag"]
[WhiteElo "2471"]
[BlackElo "2428"]
[PlyCount "97"]

1. e4 c5 2. Nc3 Nc6 3. Nf3 e5 4. Bc4 Be7 5. d3 Nf6 6. Nd2 d6
7. Nf1 Bg4 8. f3 Be6 9. Ne3 O-O 10. O-O a6 11. Bd5 Qc7 12. a4
Nb4 13. f4 exf4 14. Rxf4 Nfxd5 15. exd5 Bd7 16. Rf2 Rae8
17. a5 Bh4 18. g3 Bg5 19. Nc4 Bxc1 20. Qxc1 Bb5 21. Qd2 Re7
22. b3 f5 23. Nb6 Re5 24. Raf1 Be8 25. Nc4 Rxd5 26. Nxd5 Nxd5
27. Rxf5 Rxf5 28. Rxf5 Bc6 29. Qe1 Qd7 30. Rf2 Nf6 31. Ne3 Qe6
32. Qe2 Kh8 33. c4 g6 34. Qb2 Kg7 35. Ng4 Qxg4 36. Qxf6+ Kh6
37. Qf4+ Qxf4 38. Rxf4 Kg7 39. Kf2 h5 40. Ke3 Bg2 41. d4 Bc6
42. Rf2 Be8 43. b4 cxb4 44. Rb2 d5 45. Rxb4 Bc6 46. cxd5 Bxd5
47. Kf4 Bc6 48. Ke5 Kf7 49. Rb6 1-0

[Event "WYg18"]
[Site "Heraklio GRE"]
[Date "2004.11.04"]
[EventDate "2004.11.04"]
[Round "1"]
[Result "0-1"]
[White "Monika Seps"]
[Black "Marie Sebag"]
[WhiteElo "2077"]
[BlackElo "2428"]
[PlyCount "68"]

1.e4 c5 2.Nf3 d6 3.d4 cxd4 4.Qxd4 a6 5.c4 Nc6 6.Qd2 Nf6 7.Nc3
g6 8.h3 Bg7 9.Bd3 O-O 10.O-O e6 11.Bc2 b5 12.Rd1 b4 13.Ne2 Bb7
14.Ng3 Rc8 15.Bb3 Rc7 16.Qe2 Rd7 17.Bf4 h6 18.Qd2 Kh7 19.Bxd6
Rg8 20.e5 Ne8 21.Qf4 Nxd6 22.exd6 e5 23.Qd2 f5 24.c5 Re8
25.Bd5 e4 26.Bxc6 Bxc6 27.Nd4 Bxd4 28.Qxd4 Qg5 29. Re1 h5
30.Nf1 e3 31.g3 Re4 32.Qd1 f4 33.fxe3 fxe3 34.Rc1 e2 0-1

[Event "WYg18"]
[Site "Heraklio GRE"]
[Date "2004.11.05"]
[EventDate "2004.11.04"]
[Round "2"]
[Result "1-0"]
[White "Marie Sebag"]
[Black "Lili Toth"]
[WhiteElo "2428"]
[BlackElo "2157"]
[PlyCount "64"]

1.e4 e6 2.d4 d5 3.e5 c5 4.c3 Nc6 5.Nf3 Bd7 6.Be2 cxd4 7.cxd4
f6 8.O-O Nh6 9.Nc3 Nf7 10.Bd3 Be7 11.Re1 O-O 12.a3 Qb6 13.Na4
Qc7 14.Bf4 f5 15.h3 g5 16.Bh2 Nh6 17.Rc1 Rac8 18.b4 Qd8 19.Nc5
b6 20.Nb7 Qe8 21.Nd6 Bxd6 22.exd6 g4 23.b5 gxf3 24.bxc6 Rxc6
25.Qxf3 Qg6 26.Rxc6 Bxc6 27.Rc1 Be8 28.Rc7 Rf7 29.Bf4 Bd7
30.Rxa7 Qf6 31.Qh5 Ng4 32.hxg4 fxg4 1-0

[Event "WYg18"]
[Site "Heraklio GRE"]
[Date "2004.11.06"]
[EventDate "2004.11.04"]
[Round "3"]
[Result "0-1"]
[White "Vera Papadopoulou"]
[Black "Marie Sebag"]
[WhiteElo "2227"]
[BlackElo "2428"]
[PlyCount "124"]

1.d4 d5 2.c4 c6 3.Nf3 Nf6 4.cxd5 cxd5 5.Nc3 Nc6 6.Bf4 a6 7.Rc1
e6 8.e3 Bd6 9.Bg3 b5 10.Bd3 Bb7 11.O-O Bxg3 12.hxg3 O-O 13.Nd2
e5 14.Nb3 e4 15.Nc5 Bc8 16.Be2 Ne7 17.Qb3 Rb8 18.a3 Rb6 19.Qa2
Qd6 20.b4 Bg4 21.Rb1 Rfb8 22.Rb3 h5 23.Rfb1 Nf5 24.Qd2 h4
25.gxh4 Nxh4 26.Qd1 Bxe2 27.Qxe2 g6 28.Qd1 Kg7 29. Ne2 Rh8
30.Ng3 Nf5 31.Nf1 g5 32.a4 g4 33.axb5 axb5 34.Ra3 Kg6 35.Rba1
Qf8 36.Ng3 Qh6 37.Kf1 Nxg3+ 38.fxg3 Qh2 39.Kf2 Rh5 40.Qg1 Rf5+
41.Ke2 Qxg3 42. Ra6 Rxa6 43.Rxa6 Kg7 44.Ra1 Nh5 45.Rf1 Rg5
46.Qf2 Qxf2+ 47.Rxf2 Rg6 48.Kd2 Ng3 49.Kc2 Rh6 50.Nd7 f5
51.Ne5 Ra6 52.Kb3 Ra1 53.Rc2 Re1 54.Rc7+ Kf6 55. Rc6+ Ke7
56.Ng6+ Kd8 57.Nf4 Rxe3+ 58.Kb2 Ne2 59.Nxd5 Rg3 60.Rd6+ Ke8
61. Nc7+ Ke7 62.Nxb5 Nc3 0-1

[Event "WYg18"]
[Site "Heraklio GRE"]
[Date "2004.11.06"]
[EventDate "2004.11.04"]
[Round "4"]
[Result "0-1"]
[White "Marie Sebag"]
[Black "Le Thao Nguyen Pham"]
[WhiteElo "2428"]
[BlackElo "2244"]
[PlyCount "82"]

1.e4 e5 2.Bc4 Nf6 3.d3 Be7 4.Nf3 Nc6 5.O-O O-O 6.Re1 d6 7.a4
Be6 8.Nbd2 Qd7 9.a5 a6 10.c3 Rfe8 11.Bb3 Bf8 12.Ba4 Qc8 13.d4
Bd7 14.Bb3 h6 15.Bc2 g6 16.d5 Ne7 17.b4 Bg7 18.c4 Nh5 19.Ra3
Nf4 20.Nf1 g5 21.Ne3 f5 22.Nd2 Rf8 23.c5 Qe8 24.cxd6 cxd6
25.Ndc4 Nc8 26.exf5 h5 27.g3 Nh3+ 28.Kg2 g4 29.Nxg4 Bxf5
30.Bxf5 Rxf5 31.Nce3 Rg5 32.Kxh3 hxg4+ 33.Kg2 Qh5 34.Nf1 Rf5
35.Re4 Ne7 36.Rxg4 Raf8 37.f3 Ng6 38.Rc3 e4 39.Rc4 Rxf3
40.Rcxe4 Rf2+ 41.Kg1 Qh3 0-1

[Event "WYg18"]
[Site "Heraklio GRE"]
[Date "2004.11.07"]
[EventDate "2004.11.04"]
[Round "5"]
[Result "0-1"]
[White "Sabrina Vega Gutierrez"]
[Black "Marie Sebag"]
[WhiteElo "2225"]
[BlackElo "2428"]
[PlyCount "89"]

1.e4 c5 2.Nf3 d6 3.d4 cxd4 4.Qxd4 a6 5.c4 Nc6 6.Qd2 g6 7.b3
Bg7 8.Bb2 Bxb2 9.Qxb2 Nf6 10.Nc3 Bg4 11.Nd2 O-O 12.Rc1 Nd4
13.Bd3 e5 14.b4 Rc8 15.Nb3 Qb6 16.Na5 Be6 17.O-O Nh5 18.Na4
Qd8 19.Rfe1 Qg5 20.Re3 Nf4 21.Bf1 b5 22.Nb6 Rb8 23.c5 dxc5
24.bxc5 f5 25.exf5 Rxf5 26.Nb3 Nc6 27.Rg3 Qh6 28.Rd1 Rbf8
29.Rd6 Nh5 30.Rgd3 Nf4 31.Rg3 Nh5 32.Rgd3 Rxf2 33.Qxf2 Rxf2
34.Kxf2 e4 35. Rxc6 exd3 36.Rxe6 Nf4 37.Re3 Qh4+ 38.Kg1 Ne2+
39.Rxe2 dxe2 40.Bxe2 Qe1+ 41.Bf1 Qe3+ 42.Kh1 Qf2 43.h3 Qxf1+
44.Kh2 Qd3 45.Na5 0-1

[Event "WYg18"]
[Site "Heraklio GRE"]
[Date "2004.11.10"]
[EventDate "2004.11.04"]
[Round "8"]
[Result "1-0"]
[White "Marie Sebag"]
[Black "Siranush Andriasian"]
[WhiteElo "2428"]
[BlackElo "2206"]
[PlyCount "57"]

1.e4 e5 2.Bc4 Nf6 3.d3 Be7 4.Nf3 d6 5.O-O O-O 6.Re1 Nc6 7.a4
h6 8.a5 a6 9. Nc3 Be6 10.Nd5 Re8 11.c3 Bf8 12.h3 Bxd5 13.exd5
Ne7 14.d4 e4 15.Nd2 Nf5 16.Qc2 Qe7 17.Nxe4 Nxe4 18.Bd3 Nxd4
19.cxd4 f5 20.f3 Qh4 21.Be3 f4 22.Bxe4 fxe3 23.Rxe3 Be7
24.Bh7+ Kh8 25.Rae1 Qxd4 26.Kh1 Qf6 27.Bg6 Kg8 28.Bxe8 Rxe8
29.Qxc7 1-0